000
00358nam a2200133Ia 4500
008
151001s9999||||xx |||||||||||||| ||und||
100
_a
प्र द मराठे
245
_a
शिवकल्याण राजा
250
_a
1
260
_b
सरिता प्रकाशन पुणे
260
_c
1978
300
_a
176
365
_b
18
999
_c
960860
_d
960857